• 首页
  • 本馆介绍
  • 公告通知
  • 最新文献
  • 馆藏检索
  • 电子资源
  • 读者导购
  • 参考咨询
  • 我的图书馆
  • 登录
  • 详细信息显示
  • 放入我的书架
  • 预约/预借图书
  • 作者相关作品
  • 分类相关作品
  • 丛书相关作品
  • 出版社相关作品

书目信息

  • 表格格式
  • 工作单格式
  • 卡片格式
题名:
速度滑冰室内短跑道速度滑冰竞赛规则(1986)
    
 
作者: ;中华人民共和国滑冰协会 编
分册:  
出版信息: 北京   人民体育出版社  1986
页数: 60页
开本: 19cm
丛书名:
单 册:
中图分类: G862.14
科图分类:
主题词: 速度滑冰-裁判法 , 裁判法-速度滑冰
电子资源:
ISBN:
000 00769nam0 2200241 45
001 0186008817
005 20060925165802.83
010    @dCNY0.47
091    @a7015.2370
100    @a19960215d1986 emky0chiy0121 ea
101 0  @achi
102    @aCN@b110000
105    @ay z 000yy
106    @ar
200 10 @a速度滑冰室内短跑道速度滑冰竞赛规则(1986)@Asu du hua bing shi nei duan pao dao su du hua bing jing sai gui ze(1986)@f中华人民共和国滑冰协会编
210    @a北京@c人民体育出版社@d1986
215    @a60页@d19cm
606    @a速度滑冰-裁判法
606    @a裁判法-速度滑冰
690    @aG862.14@v3
711 02 @a中华人民共和国滑冰协会@Azhong hua ren min gong he guo hua bing xie hui@4编
801  0 @aCN@bNLC@c20060925
905    @f2@b158413-414@dG862.14@e10(1986)
    
    速度滑冰室内短跑道速度滑冰竞赛规则(1986)/中华人民共和国滑冰协会编.-北京:人民体育出版社,1986
    60页;19cm
    
    
    ISBN :CNY0.47
    
●
相关链接 在E读中查询图书 在五车中查询图书 在当当中查询图书 在豆瓣中查询图书


正题名:速度滑冰室内短跑道速度滑冰竞赛规则(1986)     索取号:G862.14/10(1986)         预约/预借

序号 登录号 条形码 馆藏地/架位号 状态 备注
1 0158413   000991109   密集书库/ [索取号:G862.14/10(1986)] 在馆    
2 0158414   000991118   第一样本阅览室/ [索取号:G862.14/10(1986)] 在馆    
3 0158415   202352934   密集书库/ [索取号:G862.14/10(1986)] 在馆    
唐山师范学院图书馆 欢迎您!
大连网信软件有限公司© 版权所有